marguerite - Paroles première dauphine - Statistiques

Statistiques générales
  • Ce quiz a été pris 66 fois
    64 depuis la dernière actualisation
  • Le résultat moyen est 232 sur 268
Statistiques - réponses
Hint Réponse % Correct
à
100%
J'
100%
j'
100%
Je
100%
je
100%
l'
100%
pas
100%
pas,
100%
s'
100%
c'
97%
C'
97%
de
97%
Couplet 2 C'
97%
es
97%
la
97%
La
97%
le
97%
Le
97%
m'
97%
Pré-refrain Mais
97%
moi
97%
Au
93%
est
93%
Et
93%
fais
93%
qui
93%
t'
93%
ai
90%
Aujourd'hui
90%
Ça
90%
dauphine
90%
Couplet 1 Aujourd'hui
90%
Outro Première
90%
gagne
90%
mauvaise
90%
me
90%
mine
90%
pour
90%
premier,
90%
Refrain Première
90%
première
90%
en
87%
ferai
87%
f'rai
87%
les
87%
s'ra
87%
suis
87%
vie
87%
Ce
83%
ce
83%
décide
83%
dernier,
83%
des
83%
deux
83%
être
83%
gueule,
83%
gueule
83%
heureuse
83%
meilleure
83%
mouchoirs
83%
te
83%
toi,
83%
tu
83%
aussi
80%
bras
80%
câlin
80%
du
80%
gagnes,
80%
oublie
80%
pleurent
80%
pourrais
80%
Quand
80%
si
80%
sol
80%
un
80%
vide
80%
cour
77%
Demain
77%
demain
77%
dernière
77%
école
77%
gardé
77%
gens
77%
jours
77%
pleuvent
77%
soleil
77%
sympa
77%
tends
77%
win
77%
capitaine
73%
champagne
73%
choisit
73%
comme
73%
fois
73%
lève
73%
mes
73%
péter
73%
peu
73%
primaire
73%
boirai
70%
courir,
70%
Depuis
70%
moitié
70%
poing
70%
Pourtant,
70%
verre
70%
mieux,
67%
paillettes
67%
pis
67%
soir
67%
sur
67%
Tant
67%
tant
67%
f'rait
63%
loose
63%
mange
63%
Ouais,
63%
ramasse
63%
sais
63%
vidée
63%
blues
60%
miettes
60%
salle
57%
Aucun quiz correspondant
Distribution des résultats
% des personnes avec chaque résultat
Percentile par nombre de réponses
Votre historique - résultats
Vous n’avez pas pris ce quiz depuis la dernière actualisation